000 00762cam a2200265 a 4500
999 _c1870
_d1870
001 .b25258576
003 OSt
005 20230213112144.0
008 220308s2018 nyua g 000 1 eng d
020 _a9780062338068
_q(pbk.) :
040 _aFCU
_cKH8
041 0 _aeng
042 _anbic
082 0 _aFIC JOH
100 1 _aJohnson, Maureen,
_d1973-
245 1 0 _aTruly devious /
_cMaureen Johnson.
250 _a1st pbk. ed.
260 _aNew York, NY :
_bKatherine Tegen Books,
_cc2018.
300 _a420, 13 p. :
_bill. ;
_c21 cm.
440 0 _aA Truly Devious novel.
650 0 _aCold cases (Criminal investigation)
_vJuvenile fiction.
650 0 _aBoarding schools
_vJuvenile fiction.
651 0 _aVermont
_vJuvenile fiction.
942 _2ddc
_cFIC